Les Enfoirés avec au moins 20 participations - Mort Subite - Statistiques

Statistiques générales
  • Ce quiz a été pris 94 fois
  • Le résultat moyen est 5 sur 17
Answers on the Grid
Answers color-coded by a green-red scale on the quiz's grid according to % correct below.
Jean-Louis Aubert
Patrick Bruel
Amel Bent
Julien Clerc
Coluche
Thomas Dutronc
Patrick Fiori
Liane Foly
Jean-Jacques Goldman
Michael Goldman
Jenifer
Michael Jones
Claire Keim
Michèle Laroque
Maxime Leforestier
Nolwenn Leroy
Lorie
Mimie Mathy
Jean-Baptiste Maunier
Maurane
Kad Merad
Florent Pagny
Pierre Palmade
M Pokora
Hélène Ségara
Shy'm
MC Solaar
Alain Souchon
Vianney
Zazie
 
Statistiques - réponses
Réponse % Correct
Patrick Bruel
80%
Patrick Fiori
56%
Jean-Louis Aubert
49%
Julien Clerc
43%
Jean-Jacques Goldman
39%
Amel Bent
34%
Mimie Mathy
33%
Michèle Laroque
30%
Jenifer
28%
Zazie
25%
Claire Keim
21%
Michael Jones
20%
Liane Foly
18%
Lorie
16%
Maxime Leforestier
11%
MC Solaar
10%
Pierre Palmade
7%
Aucun quiz correspondant
Distribution des résultats
% des personnes avec chaque résultat
Percentile par nombre de réponses
Votre historique - résultats
Vous n’avez pas pris ce quiz